000 00712nam a2200205Ii 4500
003 JO-AjNU
008 230605s9999||||xx |||||||||||||| ||und||
040 _aJO-AjNU
_bara
_erda
_cJO-AjNU
041 _aara
050 1 4 _aJX4507.2011
100 3 _a ساسولي ، ماركو ، بوفييه ، أنطوان ,
_eauthor
_947304
245 0 0 _aكيف يوفر القانون الحماية في الحرب ؟
250 _aط1
264 3 1 _aالقاهرة : اللجنة الدولية للصليب الأحمر ، 2011
300 _a567ص
336 _atext
_btxt
_2rdacontent
337 _aunmediated
_bn
_2rdamedia
338 _avolume
_bnc
_2rdacarrier
650 4 _aقانون دولي انساني
_947305
999 _aA20640
_c24208
_d24208